Name the Year to #1 Songs - Statistics

General Stats
  • This quiz has been taken 73 times
  • The average score is 11 of 20
Answer Stats
#1 Hits Year % Correct
Shallow, Old Town Road, Bad Guy 2019
91%
Not Like Us, Ordinary, Manchild 2025
86%
Blinding Lights, Watermelon Sugar, Dynamite 2020
75%
Billie Jean, Africa, Every Breath You Take 1983
74%
Blurred Lines, Royals, Harlem Shake 2013
72%
With or Without You, Livin' on a Prayer, Bad 1987
66%
Dreams, Sir Duke, Hotel California 1977
65%
...Baby One More Time, Livin' la Vida Loca, Smooth 1999
62%
Empire State of Mind, I Gotta Feeling, Poker Face 2009
60%
Tik Tok, Like a G6, Only Girl (In the World) 2010
54%
Careless Whisper, Take on Me, We Are The World 1985
52%
Gettin' Jiggy Wit It, My Heart Will Go On, Doo Wop (That Thing) 1998
49%
Humble, Despacito, Shape of You 2017
49%
Don't Stop 'Til You Get Enough, Hot Stuff, I Will Survive 1979
46%
Come Together, Suspicious Minds, Everyday People 1969
43%
Kiss from a Rose, Waterfalls, Gangsta's Paradise 1995
40%
SexyBack, Hips Don't Lie, You're Beautiful 2006
40%
Ice Ice Baby, Blaze of Glory, Nothing Compares 2 U 1990
38%
Ms. Jackson, How You Remind Me, All for You 2001
38%
Strangers in the Night, Paint It Black, The Sound of Silence 1966
35%
No matching quizzes found
Score Distribution
Percent of People with Each Score
Percentile by Number Answered
Your Score History
You have not taken this quiz